Представление документа в формате RUSMARC

ПолеНазваниеЗначение
  Тип записи a
  Библиографический уровень m
001 Контрольный номер RU/УОНБ/EK/529062459
005 Дата корректировки 20260522143843.8
100 Данные общей обработки __
a Данные общей обработки 20161006g2013 u u0rusy0189 ca
101 Язык документа 0_
a Язык текста rus
102 Страна публикации __
a Страна публикации RU
105 Кодированные данные (монография) __
a Кодированные данные (монография) a z 000ay
200 Заглавие и сведения об ответственности 1_
a Заглавие Павловка. Родина моя малая
e Сведения, относящиеся к заглавию литературно-исторический альманах
f Первые сведения об ответственности главный редактор Г. Пронина
203 Вид содержания и тип средства __
a Вид содержания Текст
b Характеристика содержания визуальный
c Тип средства непосредственный
210 Выходные данные 1_
a Место издания Ульяновск
c Издательство Издатель Качалин А. В.
d Дата издания 2013-
215 Физическое описание __
d Формат 20 см
702 Вторичная интеллектуальная ответственность _1
a Фамилия Пронина
b Имя (инициалы) Г.
4 Код отношения 340
801 Источник записи _0
a Страна RU
b Организация Ульяновская ОНБ
c Дата составления 20161006
g Правила каталогизации RCR
801 Источник записи _1
a Страна RU
b Организация Ульяновская ОНБ
c Дата составления 20161006
g Правила каталогизации RCR
901 Тип документа __
t Тип документа v
909 Создатель записи __
a Создатель записи Макушик
910 Корректоры записи __
a Корректор записи Седова
b Дата внесения изменения в запись 20260522